La presse de télévision en France - Statistiques

Statistiques générales
  • Ce quiz a été pris 30 fois
  • Le résultat moyen est 5 sur 12
Statistiques - réponses
Année de création Périodicité Titre % Correct
1960 Hebdomadaire Télé 7 jours
86%
1982 Hebdomadaire Télé Z
79%
1960 Hebdomadaire Télérama
69%
2004 Bimensuel Télé 2 semaines
52%
1985 Hebdomadaire Télé Loisirs
48%
1966 Hebdomadaire Télé Poche
48%
1976 Hebdomadaire Télé Star
38%
2019 Bimensuel Télé 15 jours
10%
1990 Hebdomadaire Télécâble Sat Hebdo
10%
2004 Bimensuel TV Grandes chaines
10%
2021 Bimensuel Télé 4
7%
2020 Bimensuel Télé programmes
3%
Aucun quiz correspondant
Distribution des résultats
% des personnes avec chaque résultat
Percentile par nombre de réponses
Votre historique - résultats
Vous n’avez pas pris ce quiz